ইমাম ইবনে তাইমীয়া (রহ.) ও তাঁর সংস্কার পরিকল্পনা/ (Record no. 18000)

MARC details
000 -LEADER
fixed length control field 01206nam a22002297a 4500
003 - CONTROL NUMBER IDENTIFIER
control field BDDh-ASL
005 - DATE AND TIME OF LATEST TRANSACTION
control field 20231015025652.0
008 - FIXED-LENGTH DATA ELEMENTS--GENERAL INFORMATION
fixed length control field 200916b1987 ||||| b||| 001 0 d
040 ## - CATALOGING SOURCE
Original cataloging agency BDDh-ASL
Transcribing agency BDDh-ASL
Modifying agency BDDh-ASL
041 ## - LANGUAGE CODE
Language code of text/sound track or separate title bengali
082 ## - DEWEY DECIMAL CLASSIFICATION NUMBER
Classification number 297.09
Item number HAI
100 ## - MAIN ENTRY--PERSONAL NAME
9 (RLIN) 802
Personal name হক, সিরাজুল
245 1# - TITLE STATEMENT
Title ইমাম ইবনে তাইমীয়া (রহ.) ও তাঁর সংস্কার পরিকল্পনা/
Statement of responsibility, etc. সিরাজুল হক; মুজীবুর রহমান (অনু.)।
246 ## - VARYING FORM OF TITLE
Title proper/short title Imam Ibn Taimiya (R.) Tar Sangskar Parikalpana
260 ## - PUBLICATION, DISTRIBUTION, ETC.
Place of publication, distribution, etc. ঢাকা:
Name of publisher, distributor, etc. ইসলামিক ফাউণ্ডেশন, বাংলাদেশ,
Date of publication, distribution, etc. ১৯৮৭।
300 ## - PHYSICAL DESCRIPTION
Extent (১৫), ২৩৭ পৃষ্ঠা:
Dimensions ২০ সে. মি.।
504 ## - BIBLIOGRAPHY, ETC. NOTE
Bibliography, etc. note গ্রন্থপঞ্জি ও নির্ঘন্ট সংযুক্ত।
600 ## - SUBJECT ADDED ENTRY--PERSONAL NAME
Source of heading or term তাইমিয়া, ইমাম ইবনে
650 #0 - SUBJECT ADDED ENTRY--TOPICAL TERM
9 (RLIN) 749
Topical term or geographic name entry element ইসলামী সমাজ ব্যবস্থা
General subdivision ইসলাম ধর্ম
700 #0 - ADDED ENTRY--PERSONAL NAME
9 (RLIN) 835
Personal name রহমান, মুহাম্মদ মুজীবুর
942 ## - ADDED ENTRY ELEMENTS (KOHA)
Source of classification or shelving scheme Dewey Decimal Classification
Koha item type Books
Holdings
Withdrawn status Lost status Source of classification or shelving scheme Damaged status Not for loan Collection code Home library Current library Shelving location Date acquired Source of acquisition Total Checkouts Full call number Barcode Date last seen Copy number Price effective from Koha item type
    Dewey Decimal Classification     Non-fiction Asiatic Society Library Asiatic Society Library General Stacks 09/16/2020 Complementary   297.09 HAI 101145 09/16/2020 C-1 09/16/2020 Books

Powered by Koha